The politics (Record no. 254)
[ view plain ]
| 000 -LEADER | |
|---|---|
| fixed length control field | 00921 am a2200313 x 4500 |
| 001 - CONTROL NUMBER | |
| control field | 1185140 |
| 008 - FIXED-LENGTH DATA ELEMENTS--GENERAL INFORMATION | |
| fixed length control field | 811125s1981 enk w 00110 eng |
| 015 ## - NATIONAL BIBLIOGRAPHY NUMBER | |
| National bibliography number | B8138356 |
| 020 ## - INTERNATIONAL STANDARD BOOK NUMBER | |
| International Standard Book Number | 0140444211 |
| 049 00 - LOCAL HOLDINGS (OCLC) | |
| Holding library | BL |
| Copy statement | BL |
| Definition of bibliographic subdivisions | 850522 |
| 082 00 - DEWEY DECIMAL CLASSIFICATION NUMBER | |
| Classification number | 320 |
| Edition information | 19 |
| 100 00 - MAIN ENTRY--PERSONAL NAME | |
| Personal name | Aristotle. |
| 9 (RLIN) | 1402 |
| 240 40 - UNIFORM TITLE | |
| Uniform title | Politica |
| Language of a work | English |
| 245 14 - TITLE STATEMENT | |
| Title | The politics |
| Statement of responsibility, etc. | Aristotle |
| -- | translated by T.A. Sinclair |
| 250 00 - EDITION STATEMENT | |
| Edition statement | Rev. ed. |
| 260 ## - PUBLICATION, DISTRIBUTION, ETC. | |
| Place of publication, distribution, etc. | Harmondsworth |
| Name of publisher, distributor, etc. | Penguin |
| Date of publication, distribution, etc. | 1981 |
| 300 ## - PHYSICAL DESCRIPTION | |
| Extent | 506p |
| Dimensions | 18cm |
| Accompanying material | pbk |
| 350 00 - PRICE (NR) (BK AM CF MU VM SE) [OBSOLETE] | |
| Price | £2.50 |
| 490 00 - SERIES STATEMENT | |
| Series statement | Penguin classics |
| 500 ## - GENERAL NOTE | |
| General note | Previous ed.: 1962 |
| 504 00 - BIBLIOGRAPHY, ETC. NOTE | |
| Bibliography, etc. note | Bibliography: p477-488. - Includes index |
| 546 00 - LANGUAGE NOTE | |
| Language note | Translation of: Politica |
| 650 #0 - SUBJECT ADDED ENTRY--TOPICAL TERM | |
| Topical term or geographic name entry element | Political science |
| General subdivision | Early works to 1800. |
| 9 (RLIN) | 1403 |
| 700 11 - ADDED ENTRY--PERSONAL NAME | |
| Personal name | Sinclair, T. A. |
| Fuller form of name | (Thomas Alan) |
| 9 (RLIN) | 1404 |
| 700 11 - ADDED ENTRY--PERSONAL NAME | |
| Personal name | Saunders, Trevor J. |
| Fuller form of name | (Trevor John), |
| Dates associated with a name | 1934- |
| 9 (RLIN) | 1405 |
| 942 ## - ADDED ENTRY ELEMENTS (KOHA) | |
| Source of classification or shelving scheme | Dewey Decimal Classification |
| Koha item type | Books |
| 956 ## - LOCAL ELECTRONIC LOCATION AND ACCESS (OCLC) | |
| Host name | NLS |
| Withdrawn status | Lost status | Damaged status | Not for loan | Collection | Home library | Current library | Shelving location | Date acquired | Barcode | Date last seen | Price effective from | Koha item type |
|---|---|---|---|---|---|---|---|---|---|---|---|---|
| Reference | Centerville | Centerville | General stacks | 09/04/2014 | 39999000010992 | 09/04/2014 | 09/04/2014 | Books | ||||
| Reference | Centerville | Centerville | General stacks | 09/04/2014 | 39999000011050 | 09/04/2014 | 09/04/2014 | Books | ||||
| Reference | Fairview | Fairview | General stacks | 09/04/2014 | 39999000011012 | 09/04/2014 | 09/04/2014 | Books | ||||
| Reference | Midway | Midway | General stacks | 09/04/2014 | 39999000011036 | 09/04/2014 | 09/04/2014 | Books |